[Event "Bundesliga 9697"]
[Site "Deutschland"]
[Date "1996.??.??"]
[Round "?.6"]
[White "Stolz, Mike"]
[Black "Borriss, Martin"]
[Result "0-1"]
[WhiteElo "2300"]
[BlackElo "2425"]
[PlyCount "82"]
[EventDate "1996.10.??"]
[EventType "team"]
[EventRounds "15"]
[EventCountry "GER"]
[SourceTitle "Bundesliga 9697"]
[Source "DeepChess"]
[SourceDate "2005.01.01"]
[SourceVersion "1"]
[SourceVersionDate "2005.01.01"]
[SourceQuality "1"]
[WhiteTeam "USC Magdeburg"]
[BlackTeam "Dresdner SC 1898"]
[WhiteTeamCountry "GER"]
[BlackTeamCountry "GER"]

1. e4 c5 2. Nf3 d6 3. d4 cxd4 4. Nxd4 Nf6 5. Nc3 Nc6 6. Bg5 e6 7. Qd2 a6 8.
O-O-O Bd7 9. f4 Be7 10. Nf3 b5 11. Kb1 b4 12. Bxf6 Bxf6 13. Ne2 Be7 14. g4 Qc7
15. g5 a5 16. h4 a4 17. Nfd4 Nxd4 18. Qxd4 O-O 19. Qxb4 Rab8 20. Qd4 Rfc8 21.
Rd2 d5 22. c3 Bc5 23. Qe5 Bd6 24. Qd4 Bc5 25. Qe5 Qb6 26. h5 Be3 27. Rc2 Rf8
28. h6 f6 29. gxf6 gxf6 30. Qh5 Kh8 31. e5 Be8 32. Qg4 Bg6 33. f5 exf5 34. Qxa4
f4 35. b4 fxe5 36. Qd7 Qf6 37. Qxd5 Rbd8 38. Qb3 Rd2 39. Nc1 Rxc2 40. Nd3 Rc1+
41. Kb2 Bxd3 0-1

[Event "Bundesliga 9697"]
[Site "Deutschland"]
[Date "1996.??.??"]
[Round "?.7"]
[White "Heinatz, Thomas"]
[Black "Kapischka, Jens"]
[Result "1/2-1/2"]
[WhiteElo "2380"]
[BlackElo "2315"]
[PlyCount "83"]
[EventDate "1996.10.??"]
[EventType "team"]
[EventRounds "15"]
[EventCountry "GER"]
[SourceTitle "Bundesliga 9697"]
[Source "DeepChess"]
[SourceDate "2005.01.01"]
[SourceVersion "1"]
[SourceVersionDate "2005.01.01"]
[SourceQuality "1"]
[WhiteTeam "Dresdner SC 1898"]
[BlackTeam "USC Magdeburg"]
[WhiteTeamCountry "GER"]
[BlackTeamCountry "GER"]

1. e4 c5 2. Nf3 d6 3. d4 cxd4 4. Nxd4 Nf6 5. Nc3 a6 6. Bc4 e6 7. O-O Be7 8. Bb3
O-O 9. f4 Nc6 10. Be3 Qc7 11. f5 Nxd4 12. Bxd4 b5 13. a3 Rb8 14. Qd3 Bd7 15.
fxe6 Bxe6 16. Qg3 Ne8 17. Nd5 Qd8 18. e5 Bxd5 19. Bxd5 dxe5 20. Bxe5 Rb6 21.
Rad1 Qc8 22. Qb3 Nf6 23. Bf3 Re6 24. Bf4 g5 25. Bg3 g4 26. Bd5 Nxd5 27. Rxd5
Re2 28. Re1 Rxe1+ 29. Bxe1 Qe6 30. Bg3 Rc8 31. Qd3 Rxc2 32. Qxc2 Qxd5 33. Qc8+
Kg7 34. Qxg4+ Qg5 35. Be5+ Kg6 36. Qxg5+ Bxg5 37. Kf2 Kf5 38. Bc3 Ke4 39. Ke2
f5 40. Bh8 Be3 41. Bc3 Bg5 42. Bg7 1/2-1/2

[Event "Bundesliga 9697"]
[Site "Deutschland"]
[Date "1996.??.??"]
[Round "?.8"]
[White "Darnstaedt, Frank"]
[Black "Wegener, Dirk"]
[Result "1/2-1/2"]
[WhiteElo "2295"]
[BlackElo "2320"]
[PlyCount "99"]
[EventDate "1996.10.??"]
[EventType "team"]
[EventRounds "15"]
[EventCountry "GER"]
[SourceTitle "Bundesliga 9697"]
[Source "DeepChess"]
[SourceDate "2005.01.01"]
[SourceVersion "1"]
[SourceVersionDate "2005.01.01"]
[SourceQuality "1"]
[WhiteTeam "USC Magdeburg"]
[BlackTeam "Dresdner SC 1898"]
[WhiteTeamCountry "GER"]
[BlackTeamCountry "GER"]

1. e4 e6 2. d4 d5 3. Nd2 c5 4. exd5 exd5 5. Ngf3 Nc6 6. Bb5 Bd6 7. dxc5 Bxc5 8.
O-O Nge7 9. Nb3 Bd6 10. Re1 O-O 11. Bd3 Bc7 12. Be3 Ng6 13. Bc5 Bd6 14. Bxg6
hxg6 15. Bxd6 Qxd6 16. Nfd4 Qf6 17. Nxc6 bxc6 18. c3 Bf5 19. Qd4 Rfe8 20. Qxf6
gxf6 21. f3 Kf8 22. g4 Be6 23. Nc5 Ke7 24. Kf2 Rh8 25. Kg3 g5 26. h3 Rh4 27. a4
Rah8 28. Rh1 f5 29. b4 fxg4 30. Nxe6 fxe6 31. fxg4 R4h7 32. Rae1 Kd6 33. Ref1
c5 34. bxc5+ Kxc5 35. Rf6 Kd6 36. Kg2 Rh6 37. Rf7 R8h7 38. Rf8 Rc7 39. Rd8+ Ke7
40. Rg8 Rxc3 41. Rxg5 Rf6 42. Rg7+ Kd6 43. h4 Rff3 44. h5 Rg3+ 45. Kf2 Rcf3+
46. Ke2 Re3+ 47. Kf2 Ref3+ 48. Ke2 Re3+ 49. Kf2 Ref3+ 50. Ke2 1/2-1/2

[Event "Bundesliga 9697"]
[Site "Deutschland"]
[Date "1996.??.??"]
[Round "?.1"]
[White "Khalifman, Alexander"]
[Black "Wahls, Matthias"]
[Result "1/2-1/2"]
[WhiteElo "2640"]
[BlackElo "2540"]
[PlyCount "83"]
[EventDate "1996.10.??"]
[EventType "team"]
[EventRounds "15"]
[EventCountry "GER"]
[SourceTitle "Bundesliga 9697"]
[Source "DeepChess"]
[SourceDate "2005.01.01"]
[SourceVersion "1"]
[SourceVersionDate "2005.01.01"]
[SourceQuality "1"]
[WhiteTeam "PSV Turm Duisburg 1920 e.V."]
[BlackTeam "Hamburger SK 1830 e.V."]
[WhiteTeamCountry "GER"]
[BlackTeamCountry "GER"]

1. d4 Nf6 2. c4 e6 3. Nf3 Bb4+ 4. Bd2 Qe7 5. g3 Nc6 6. Nc3 Bxc3 7. Bxc3 Ne4 8.
Qc2 Nxc3 9. Qxc3 O-O 10. Bg2 d6 11. d5 Nd8 12. O-O e5 13. e4 c5 14. Nd2 a5 15.
f4 f6 16. b3 b6 17. Rf2 Nf7 18. Raf1 Bd7 19. a4 g5 20. f5 Kg7 21. Bf3 Rh8 22.
Bh5 Rag8 23. Rg2 Kf8 24. h3 Be8 25. Kf2 Nd8 26. Qf3 Bxh5 27. Qxh5 Qf7 28. g4
Qxh5 29. gxh5 Nf7 30. Rfg1 h6 31. Nb1 Ke7 32. Nc3 Kd7 33. Ke3 Rg7 34. Rg3 Rf8
35. Kd3 Ra8 36. Nd1 Rh8 37. Ne3 Ke7 38. Ng2 Rgh7 39. Ne1 Ra8 40. Nf3 Rb8 41.
R3g2 Ra8 42. Nd2 1/2-1/2

[Event "Bundesliga 9697"]
[Site "Deutschland"]
[Date "1996.??.??"]
[Round "?.3"]
[White "Keitlinghaus, Ludger"]
[Black "Mueller, Karsten"]
[Result "1/2-1/2"]
[WhiteElo "2515"]
[BlackElo "2490"]
[PlyCount "35"]
[EventDate "1996.10.??"]
[EventType "team"]
[EventRounds "15"]
[EventCountry "GER"]
[SourceTitle "Bundesliga 9697"]
[Source "DeepChess"]
[SourceDate "2005.01.01"]
[SourceVersion "1"]
[SourceVersionDate "2005.01.01"]
[SourceQuality "1"]
[WhiteTeam "PSV Turm Duisburg 1920 e.V."]
[BlackTeam "Hamburger SK 1830 e.V."]
[WhiteTeamCountry "GER"]
[BlackTeamCountry "GER"]

1. e4 e6 2. d4 d5 3. exd5 exd5 4. Nf3 Nf6 5. Bd3 c5 6. O-O c4 7. Re1+ Be7 8.
Bf1 O-O 9. Ne5 Be6 10. Nc3 Nc6 11. Ne2 Ng4 12. Nxc6 bxc6 13. Nf4 Bf5 14. b3 Bb4
15. Bd2 Qh4 16. Nh3 Bd6 17. g3 Qf6 18. Bg5 1/2-1/2

[Event "Bundesliga 9697"]
[Site "Deutschland"]
[Date "1996.??.??"]
[Round "?.4"]
[White "Movsziszian, Karen"]
[Black "Unzicker, Wolfgang"]
[Result "1-0"]
[WhiteElo "2470"]
[BlackElo "2460"]
[PlyCount "125"]
[EventDate "1996.10.??"]
[EventType "team"]
[EventRounds "15"]
[EventCountry "GER"]
[SourceTitle "Bundesliga 9697"]
[Source "DeepChess"]
[SourceDate "2005.01.01"]
[SourceVersion "1"]
[SourceVersionDate "2005.01.01"]
[SourceQuality "1"]
[WhiteTeam "Hamburger SK 1830 e.V."]
[BlackTeam "PSV Turm Duisburg 1920 e.V."]
[WhiteTeamCountry "GER"]
[BlackTeamCountry "GER"]

1. Nf3 Nf6 2. g3 d5 3. Bg2 Bf5 4. d3 c6 5. Nbd2 h6 6. b3 e6 7. Bb2 Be7 8. O-O
O-O 9. Qe1 Nbd7 10. e4 dxe4 11. dxe4 Bh7 12. Qe2 Nc5 13. Ne5 Qc7 14. Ng4 Ncd7
15. f4 Rad8 16. Nf2 a5 17. a3 Nc5 18. Rae1 b5 19. Kh1 Rd7 20. Be5 Qb6 21. g4
Rfd8 22. Nb1 Ne8 23. Bb2 Bh4 24. Bc1 e5 25. f5 Bg5 26. Bxg5 hxg5 27. h4 gxh4
28. g5 Rd6 29. Qg4 R8d7 30. Re3 g6 31. f6 Nxf6 32. gxf6 Rxf6 33. Qxh4 Rf4 34.
Ng4 Qd8 35. Nf6+ Kg7 36. Qxh7+ Kxf6 37. Qh4+ Kg7 38. Qxd8 Rxd8 39. Rxf4 exf4
40. Re1 Ne6 41. e5 Nd4 42. c3 f3 43. cxd4 fxg2+ 44. Kxg2 Rxd4 45. Kf3 g5 46.
Ke3 Rh4 47. Nd2 a4 48. b4 Rh3+ 49. Kd4 Rxa3 50. Rg1 Kh6 51. Rc1 Ra2 52. Rxc6+
Kh5 53. Kd3 Ra3+ 54. Ke2 Rh3 55. Rf6 Rh2+ 56. Kd3 Rh3+ 57. Kd4 Rh4+ 58. Ne4 Rf4
59. Rb6 Kg4 60. Kd5 Rf5 61. Nd6 Rf2 62. Rxb5 Rb2 63. Nxf7 1-0

[Event "Bundesliga 9697"]
[Site "Deutschland"]
[Date "1996.??.??"]
[Round "?.5"]
[White "Enders, Peter"]
[Black "Loeffler, Stefan"]
[Result "1/2-1/2"]
[WhiteElo "2500"]
[BlackElo "2410"]
[PlyCount "47"]
[EventDate "1996.10.??"]
[EventType "team"]
[EventRounds "15"]
[EventCountry "GER"]
[SourceTitle "Bundesliga 9697"]
[Source "DeepChess"]
[SourceDate "2005.01.01"]
[SourceVersion "1"]
[SourceVersionDate "2005.01.01"]
[SourceQuality "1"]
[WhiteTeam "PSV Turm Duisburg 1920 e.V."]
[BlackTeam "Hamburger SK 1830 e.V."]
[WhiteTeamCountry "GER"]
[BlackTeamCountry "GER"]

1. e4 Nf6 2. e5 Nd5 3. d4 d6 4. Nf3 dxe5 5. Nxe5 g6 6. Bc4 c6 7. h3 Bg7 8. Nf3
Nb6 9. Bb3 c5 10. dxc5 Qxd1+ 11. Kxd1 N6d7 12. Nc3 Nxc5 13. Be3 Nxb3 14. axb3
Nc6 15. Kc1 Bf5 16. Rd1 Rc8 17. Nd4 Bd7 18. f3 a6 19. Nd5 Be5 20. c3 Bd6 21.
Nc2 Be6 22. Nf6+ exf6 23. Rxd6 Bxb3 24. Nd4 1/2-1/2

[Event "Bundesliga 9697"]
[Site "Deutschland"]
[Date "1996.??.??"]
[Round "?.7"]
[White "Thesing, Matthias"]
[Black "Wegner, Hannu"]
[Result "1/2-1/2"]
[WhiteElo "2440"]
[BlackElo "2350"]
[PlyCount "34"]
[EventDate "1996.10.??"]
[EventType "team"]
[EventRounds "15"]
[EventCountry "GER"]
[SourceTitle "Bundesliga 9697"]
[Source "DeepChess"]
[SourceDate "2005.01.01"]
[SourceVersion "1"]
[SourceVersionDate "2005.01.01"]
[SourceQuality "1"]
[WhiteTeam "PSV Turm Duisburg 1920 e.V."]
[BlackTeam "Hamburger SK 1830 e.V."]
[WhiteTeamCountry "GER"]
[BlackTeamCountry "GER"]

1. e4 c5 2. Nc3 d6 3. f4 Nc6 4. Nf3 g6 5. Bc4 Bg7 6. O-O e6 7. d3 Nge7 8. Qe1
h6 9. Bb3 a6 10. Qf2 b6 11. Bd2 Na5 12. Rae1 Nxb3 13. axb3 O-O 14. e5 Bb7 15.
Ne4 Bxe4 16. Rxe4 Nc6 17. Rfe1 a5 1/2-1/2

[Event "Bundesliga 9697"]
[Site "Deutschland"]
[Date "1996.??.??"]
[Round "?.8"]
[White "Wilhelmi, Christian"]
[Black "Pirrot, Dieter"]
[Result "1-0"]
[WhiteElo "2355"]
[BlackElo "2415"]
[PlyCount "177"]
[EventDate "1996.10.??"]
[EventType "team"]
[EventRounds "15"]
[EventCountry "GER"]
[SourceTitle "Bundesliga 9697"]
[Source "DeepChess"]
[SourceDate "2005.01.01"]
[SourceVersion "1"]
[SourceVersionDate "2005.01.01"]
[SourceQuality "1"]
[WhiteTeam "Hamburger SK 1830 e.V."]
[BlackTeam "PSV Turm Duisburg 1920 e.V."]
[WhiteTeamCountry "GER"]
[BlackTeamCountry "GER"]

1. Nf3 Nf6 2. g3 g6 3. b4 Bg7 4. Bb2 c6 5. Bg2 Qb6 6. c3 a5 7. a3 axb4 8. axb4
Rxa1 9. Bxa1 Qa6 10. Bb2 Qa2 11. Ba3 d6 12. O-O O-O 13. Nd4 Bg4 14. h3 Be6 15.
d3 Nd5 16. Nxe6 fxe6 17. c4 Nc3 18. Nxc3 Bxc3 19. Bc1 Bxb4 20. Bh6 Re8 21. h4
Na6 22. e3 Nc7 23. h5 Qa5 24. hxg6 hxg6 25. Be4 Kh7 26. Bf4 Kg7 27. d4 Rh8 28.
c5 Nd5 29. Qg4 Nxf4 30. exf4 Rh6 31. Qxe6 Qd8 32. d5 Bxc5 33. dxc6 bxc6 34.
Bxc6 Qf8 35. Bd5 Rh8 36. Re1 Qf6 37. Qxe7+ Qxe7 38. Rxe7+ Kh6 39. g4 g5 40.
Re6+ Kg7 41. Re7+ Kh6 42. f5 Rb8 43. f6 Kg6 44. f7 Rf8 45. Re8 Kg7 46. Kf1 Bd4
47. Ke2 Be5 48. Kd3 Bf4 49. Ke4 Bh2 50. Kd3 Bf4 51. Kc4 Bd2 52. Kb5 Bf4 53. Kc6
Bc1 54. Kd7 Bb2 55. Ke7 Bf6+ 56. Kxd6 Bc3 57. f3 Bb2 58. Bc4 Bc3 59. Ba2 Bb2
60. Bb3 Bc3 61. Be6 Bb2 62. Kd5 Bc3 63. Ke4 Bd2 64. Kf5 Bc1 65. Ba2 Bf4 66. Re7
Bd2 67. Rd7 Bf4 68. Bd5 Rb8 69. Bb7 Rf8 70. Ke6 Be3 71. Bd5 Bf4 72. Re7 Bd2 73.
Kf5 Bf4 74. Ra7 Rd8 75. f8=Q+ Kxf8 76. Kf6 Rb8 77. Rh7 Ke8 78. Rh8+ Kd7 79.
Rxb8 Bxb8 80. Kxg5 Ke7 81. f4 Kf8 82. f5 Kg7 83. f6+ Kh8 84. Kf5 Ba7 85. g5 Bd4
86. Be4 Kh7 87. g6+ Kh8 88. g7+ Kh7 89. Kg5+ 1-0

[Event "Bundesliga 9697"]
[Site "Deutschland"]
[Date "1997.??.??"]
[Round "?.1"]
[White "Wahls, Matthias"]
[Black "Conquest, Stuart"]
[Result "0-1"]
[WhiteElo "2605"]
[BlackElo "2540"]
[PlyCount "73"]
[EventDate "1996.10.??"]
[EventType "team"]
[EventRounds "15"]
[EventCountry "GER"]
[SourceTitle "Bundesliga 9697"]
[Source "DeepChess"]
[SourceDate "2005.01.01"]
[SourceVersion "1"]
[SourceVersionDate "2005.01.01"]
[SourceQuality "1"]
[WhiteTeam "Hamburger SK 1830 e.V."]
[BlackTeam "PSV/BSV Wuppertal 1921 e.V."]
[WhiteTeamCountry "GER"]
[BlackTeamCountry "GER"]

1. e4 g6 2. d4 d6 3. Nc3 Bg7 4. f4 Nc6 5. Be3 Nf6 6. Be2 O-O 7. Nf3 b6 8. Qd2
Bb7 9. h3 e5 10. fxe5 dxe5 11. d5 Nd4 12. O-O-O Nxe2+ 13. Qxe2 Qc8 14. g4 c6
15. Bg5 Re8 16. Bxf6 Bxf6 17. dxc6 Qxc6 18. Nd5 Rac8 19. Kb1 Bg7 20. Rhe1 Qa4
21. Qf2 h6 22. Rd3 Re6 23. Ra3 Qb5 24. Rxa7 Bxd5 25. Nd4 Rf6 26. Qxf6 exd4 27.
Qf2 d3 28. c3 d2 29. Qxd2 Bxc3 30. Qc2 Be6 31. Rc1 Be5 32. Qd2 Rxc1+ 33. Qxc1
Qd3+ 34. Ka1 Qxe4 35. Ra3 g5 36. Ra6 b5 37. Rb6 $138 0-1

[Event "Bundesliga 9697"]
[Site "Deutschland"]
[Date "1997.??.??"]
[Round "?.2"]
[White "Emms, John M"]
[Black "Ftacnik, Lubomir"]
[Result "1/2-1/2"]
[WhiteElo "2535"]
[BlackElo "2595"]
[PlyCount "87"]
[EventDate "1996.10.??"]
[EventType "team"]
[EventRounds "15"]
[EventCountry "GER"]
[SourceTitle "Bundesliga 9697"]
[Source "DeepChess"]
[SourceDate "2005.01.01"]
[SourceVersion "1"]
[SourceVersionDate "2005.01.01"]
[SourceQuality "1"]
[WhiteTeam "PSV/BSV Wuppertal 1921 e.V."]
[BlackTeam "Hamburger SK 1830 e.V."]
[WhiteTeamCountry "GER"]
[BlackTeamCountry "GER"]

1. e4 d6 2. d4 Nf6 3. Nc3 g6 4. Nf3 Bg7 5. Be3 O-O 6. Qd2 e5 7. dxe5 dxe5 8.
Qxd8 Rxd8 9. Bc4 Nc6 10. O-O h6 11. h3 Ne8 12. Rad1 Nd4 13. Bxd4 exd4 14. Ne2
Nd6 15. Bd3 c5 16. e5 Nf5 17. Nf4 g5 18. Nh5 Be6 19. Be4 Rab8 20. Nxg7 Kxg7 21.
a3 a5 22. Rd2 a4 23. Rfd1 Rdc8 24. c3 dxc3 25. bxc3 b5 26. Bd5 Bxd5 27. Rxd5
Rc7 28. Rb1 Ne7 29. Rd6 Rcb7 30. Rbd1 b4 31. cxb4 cxb4 32. axb4 Rxb4 33. Ra6
Rb1 34. Rxb1 Rxb1+ 35. Kh2 Rb4 36. e6 fxe6 37. Rxe6 Nd5 38. Ra6 Nc3 39. Ne5 Rb2
40. f3 Nd5 41. Ra7+ Kg8 42. Ra8+ Kg7 43. Ra7+ Kg8 44. Ra8+ 1/2-1/2

[Event "Bundesliga 9697"]
[Site "Deutschland"]
[Date "1997.??.??"]
[Round "?.3"]
[White "Mueller, Karsten"]
[Black "Ward, Christopher"]
[Result "1/2-1/2"]
[WhiteElo "2500"]
[BlackElo "2490"]
[PlyCount "111"]
[EventDate "1996.10.??"]
[EventType "team"]
[EventRounds "15"]
[EventCountry "GER"]
[SourceTitle "Bundesliga 9697"]
[Source "DeepChess"]
[SourceDate "2005.01.01"]
[SourceVersion "1"]
[SourceVersionDate "2005.01.01"]
[SourceQuality "1"]
[WhiteTeam "Hamburger SK 1830 e.V."]
[BlackTeam "PSV/BSV Wuppertal 1921 e.V."]
[WhiteTeamCountry "GER"]
[BlackTeamCountry "GER"]

1. e4 c5 2. Nf3 d6 3. d4 cxd4 4. Nxd4 Nf6 5. Nc3 g6 6. Be3 Bg7 7. f3 Nc6 8. Qd2
O-O 9. O-O-O Bd7 10. g4 Rc8 11. h4 Ne5 12. h5 Qa5 13. Kb1 Rxc3 14. Qxc3 Qxc3
15. bxc3 Nxf3 16. Nxf3 Bxg4 17. Bg2 Nxe4 18. Rd3 Nxc3+ 19. Kb2 Rc8 20. h6 Bf6
21. Nd4 Ne2 22. c3 Ng3 23. Rc1 a6 24. Bd2 Nf5 25. Nxf5 Bxf5 26. Bh3 Bxh3 27.
Rxh3 Rc4 28. Kc2 b5 29. Rb1 Ra4 30. Kd1 Be5 31. c4 Rxa2 32. cxb5 axb5 33. Rxb5
f5 34. Rb7 Bf6 35. Bc3 Ra3 36. Kc2 Kf7 37. Bxf6 Rxh3 38. Bxe7 Ke6 39. Bg5 Rh5
40. Re7+ Kd5 41. Bd2 g5 42. Rxh7 f4 43. Rg7 Rxh6 44. Rxg5+ Ke4 45. Rg1 Rf6 46.
Re1+ Kf3 47. Kd3 Kg2 48. Re2+ Kf1 49. Bc3 f3 50. Re1+ Kg2 51. Bxf6 f2 52. Re2
Kf3 53. Re3+ Kg2 54. Re2 Kf3 55. Re3+ Kg2 56. Re2 1/2-1/2

[Event "Bundesliga 9697"]
[Site "Deutschland"]
[Date "1997.??.??"]
[Round "?.4"]
[White "Schebler, Gerhard"]
[Black "Movsziszian, Karen"]
[Result "1-0"]
[WhiteElo "2435"]
[BlackElo "2490"]
[PlyCount "81"]
[EventDate "1996.10.??"]
[EventType "team"]
[EventRounds "15"]
[EventCountry "GER"]
[SourceTitle "Bundesliga 9697"]
[Source "DeepChess"]
[SourceDate "2005.01.01"]
[SourceVersion "1"]
[SourceVersionDate "2005.01.01"]
[SourceQuality "1"]
[WhiteTeam "PSV/BSV Wuppertal 1921 e.V."]
[BlackTeam "Hamburger SK 1830 e.V."]
[WhiteTeamCountry "GER"]
[BlackTeamCountry "GER"]

1. d4 g6 2. Nf3 Bg7 3. c4 d6 4. Nc3 Nf6 5. e4 O-O 6. Be2 Na6 7. O-O e5 8. Be3
Ng4 9. Bg5 Qe8 10. dxe5 dxe5 11. h3 Nf6 12. Be3 Nh5 13. c5 c6 14. Nd2 Nf4 15.
Bxa6 bxa6 16. Nc4 Bxh3 17. gxh3 Qe6 18. Nd2 Rad8 19. Qf3 Nxh3+ 20. Kh1 Rd3 21.
Kh2 Nf4 22. Rfd1 g5 23. Nb3 g4 24. Qg3 Rxc3 25. bxc3 Qh6+ 26. Kg1 Ne2+ 27. Kg2
Qg6 28. Qh4 Qxe4+ 29. Kf1 Nxc3 30. Rd8 Bf6 31. Rxf8+ Kxf8 32. Qh6+ Ke7 33. Nd2
Qf5 34. Rc1 Nxa2 35. Rb1 g3 36. Rb8 Qd3+ 37. Kg2 gxf2 38. Qf8+ Ke6 39. Qe8+ Kf5
40. Qc8+ Kg6 41. Qg4+ 1-0

[Event "Bundesliga 9697"]
[Site "Deutschland"]
[Date "1997.??.??"]
[Round "?.5"]
[White "Michaelsen, Nils"]
[Black "Hausrath, Daniel"]
[Result "1-0"]
[WhiteElo "2440"]
[BlackElo "2425"]
[PlyCount "64"]
[EventDate "1996.10.??"]
[EventType "team"]
[EventRounds "15"]
[EventCountry "GER"]
[SourceTitle "Bundesliga 9697"]
[Source "DeepChess"]
[SourceDate "2005.01.01"]
[SourceVersion "1"]
[SourceVersionDate "2005.01.01"]
[SourceQuality "1"]
[WhiteTeam "Hamburger SK 1830 e.V."]
[BlackTeam "PSV/BSV Wuppertal 1921 e.V."]
[WhiteTeamCountry "GER"]
[BlackTeamCountry "GER"]

1. d4 Nf6 2. c4 d6 3. Nc3 Nbd7 4. e4 e5 5. Nf3 g6 6. Be2 Bg7 7. O-O O-O 8. Be3
c6 9. d5 c5 10. Ne1 Ne8 11. g4 Kh8 12. Kh1 Ndf6 13. Rg1 Ng8 14. Qd2 f5 15. gxf5
gxf5 16. exf5 Bxf5 17. Nf3 Ngf6 18. Ng5 Qe7 19. Rg3 Nc7 20. Rag1 Rg8 21. Bxc5
Nce8 22. Be3 b6 23. Bd3 e4 24. Be2 Nc7 25. Bd4 Raf8 26. Qe3 Nce8 27. a4 h6 28.
Ne6 Bxe6 29. dxe6 Qxe6 30. Rg6 Kh7 31. Nd5 Nxd5 32. cxd5 Qf7 $138 1-0

[Event "Bundesliga 9697"]
[Site "Deutschland"]
[Date "1997.??.??"]
[Round "?.6"]
[White "Hetey, Laszlo"]
[Black "Loeffler, Stefan"]
[Result "1-0"]
[WhiteElo "2370"]
[BlackElo "2410"]
[PlyCount "117"]
[EventDate "1996.10.??"]
[EventType "team"]
[EventRounds "15"]
[EventCountry "GER"]
[SourceTitle "Bundesliga 9697"]
[Source "DeepChess"]
[SourceDate "2005.01.01"]
[SourceVersion "1"]
[SourceVersionDate "2005.01.01"]
[SourceQuality "1"]
[WhiteTeam "PSV/BSV Wuppertal 1921 e.V."]
[BlackTeam "Hamburger SK 1830 e.V."]
[WhiteTeamCountry "GER"]
[BlackTeamCountry "GER"]

1. d4 d5 2. Nf3 e6 3. c4 Nf6 4. Nc3 c5 5. cxd5 cxd4 6. Nxd4 Nxd5 7. Ndb5 a6 8.
e4 Nb4 9. Qxd8+ Kxd8 10. Na3 Bc5 11. Bg5+ f6 12. O-O-O+ Ke7 13. Bh4 b5 14. Nab1
Bb7 15. Nd2 Nd7 16. Nb3 Rac8 17. Bg3 Nxa2+ 18. Nxa2 Bxf2+ 19. Kb1 Bxg3 20. hxg3
Bxe4+ 21. Bd3 Bxg2 22. Rh2 Bf3 23. Re1 Ne5 24. Bc2 h5 25. Nd4 Bb7 26. Bb3 Rhd8
27. Nxe6 Rd3 28. Bc2 Rxg3 29. Nf4 Kf8 30. Rxh5 Rc4 31. Rh8+ Kf7 32. Nh5 Rh3 33.
Rh7 Nf3 34. Rd1 Rh2 35. Rxg7+ Ke6 36. Rxb7 Rcxc2 37. Nf4+ Kf5 38. Nd3 Rc6 39.
Nc3 Nd2+ 40. Ka2 Nc4 41. Rf1+ Ke6 42. Ne4 Nd6 43. Rxf6+ Kd5 44. Rxd6+ Rxd6 45.
Nxd6 Kxd6 46. Rb6+ Kd5 47. Rxa6 Kc4 48. Nc1 Rd2 49. Rh6 Rd1 50. Rh4+ Kd5 51.
Nb3 Kc6 52. Rh6+ Kc7 53. Ka3 Re1 54. Rh5 Kb6 55. Nd4 Ra1+ 56. Kb3 Ra5 57. Rf5
Ka6 58. Kc3 Kb6 59. b3 1-0

[Event "Bundesliga 9697"]
[Site "Deutschland"]
[Date "1997.??.??"]
[Round "?.7"]
[White "Heinemann, Thies"]
[Black "Kinsman, Andrew PH"]
[Result "1-0"]
[WhiteElo "2425"]
[BlackElo "2395"]
[PlyCount "131"]
[EventDate "1996.10.??"]
[EventType "team"]
[EventRounds "15"]
[EventCountry "GER"]
[SourceTitle "Bundesliga 9697"]
[Source "DeepChess"]
[SourceDate "2005.01.01"]
[SourceVersion "1"]
[SourceVersionDate "2005.01.01"]
[SourceQuality "1"]
[WhiteTeam "Hamburger SK 1830 e.V."]
[BlackTeam "PSV/BSV Wuppertal 1921 e.V."]
[WhiteTeamCountry "GER"]
[BlackTeamCountry "GER"]

1. e4 e6 2. d4 d5 3. Nd2 Nf6 4. e5 Nfd7 5. c3 c5 6. Bd3 Nc6 7. Ne2 cxd4 8. cxd4
f6 9. exf6 Nxf6 10. Nf3 Bd6 11. O-O O-O 12. Bf4 Bxf4 13. Nxf4 Ne4 14. Qc1 Ng5
15. Nxg5 Qxg5 16. Ne2 Qf6 17. Qe3 Bd7 18. Bb5 Rac8 19. Rac1 Nb8 20. Bd3 Nc6 21.
Rc3 Ne7 22. Rfc1 Rxc3 23. Rxc3 Bc6 24. Rc1 Nc8 25. Nc3 Nd6 26. Re1 Re8 27. Re2
a6 28. f4 Nc4 29. Qf2 Rf8 30. b3 Nd6 31. g3 Rc8 32. Rc2 Bd7 33. Ne2 Rxc2 34.
Bxc2 Be8 35. Qe3 Bg6 36. Bxg6 Qxg6 37. Qe5 Qe4 38. Kf2 Qxe5 39. dxe5 Nf5 40. g4
Ne7 41. Nd4 Kf7 42. Ke3 g6 43. Nf3 h6 44. Kd4 b6 45. Kc3 Nc6 46. Nd4 Nb8 47.
Kb4 Nd7 48. a4 g5 49. fxg5 hxg5 50. Nf3 Kg6 51. a5 bxa5+ 52. Kxa5 Nc5 53. b4
Nd3 54. h3 Kh6 55. Nd4 Nxe5 56. Kxa6 Nd3 57. b5 Kg6 58. b6 Kf6 59. Kb5 Ne5 60.
b7 Nd7 61. Kc6 Nb8+ 62. Kd6 e5 63. Nc6 Na6 64. Nxe5 d4 65. Nd3 Nb8 66. Nc5 1-0

[Event "Bundesliga 9697"]
[Site "Deutschland"]
[Date "1997.??.??"]
[Round "?.8"]
[White "Kern, Guido"]
[Black "Sievers, Stefan"]
[Result "0-1"]
[WhiteElo "2410"]
[BlackElo "2375"]
[PlyCount "98"]
[EventDate "1996.10.??"]
[EventType "team"]
[EventRounds "15"]
[EventCountry "GER"]
[SourceTitle "Bundesliga 9697"]
[Source "DeepChess"]
[SourceDate "2005.01.01"]
[SourceVersion "1"]
[SourceVersionDate "2005.01.01"]
[SourceQuality "1"]
[WhiteTeam "PSV/BSV Wuppertal 1921 e.V."]
[BlackTeam "Hamburger SK 1830 e.V."]
[WhiteTeamCountry "GER"]
[BlackTeamCountry "GER"]

1. c4 c5 2. Nf3 g6 3. d4 cxd4 4. Nxd4 Bg7 5. e4 Nc6 6. Be3 Nf6 7. Nc3 Ng4 8.
Qxg4 Nxd4 9. Qd1 e5 10. Bd3 O-O 11. O-O d6 12. a4 Be6 13. Nb5 a6 14. Nxd4 exd4
15. Bd2 f5 16. exf5 Bxf5 17. Qf3 Qd7 18. Rfe1 Be5 19. Bxf5 Rxf5 20. Qd5+ Qf7
21. Qxf7+ Kxf7 22. Ra3 Rc8 23. Rb3 Rc7 24. g4 Rf6 25. Bg5 Re6 26. Rc1 Bf6 27.
Bf4 g5 28. Bd2 Kg6 29. Kf1 Be5 30. Kg2 h5 31. h4 gxh4 32. gxh5+ Kxh5 33. Rf3
Rf6 34. Rxf6 Bxf6 35. b3 Re7 36. Bb4 Re6 37. Rd1 Kg4 38. Rd3 Be5 39. Bd2 Rg6
40. Rf3 Rf6 41. Rd3 Rf7 42. Bc1 Rg7 43. Rf3 Rh7 44. Rh3 Bf4 45. Bxf4 Kxf4 46.
Kf1 a5 47. Ke2 Kg4 48. Rd3 h3 49. Rxd4+ Kf5 0-1

[Event "Bundesliga 9697"]
[Site "Deutschland"]
[Date "1997.??.??"]
[Round "?.2"]
[White "Kindermann, Stefan"]
[Black "Ftacnik, Lubomir"]
[Result "1/2-1/2"]
[WhiteElo "2540"]
[BlackElo "2595"]
[PlyCount "33"]
[EventDate "1996.10.??"]
[EventType "team"]
[EventRounds "15"]
[EventCountry "GER"]
[SourceTitle "Bundesliga 9697"]
[Source "DeepChess"]
[SourceDate "2005.01.01"]
[SourceVersion "1"]
[SourceVersionDate "2005.01.01"]
[SourceQuality "1"]
[WhiteTeam "SAbt SV Werder Bremen"]
[BlackTeam "Hamburger SK 1830 e.V."]
[WhiteTeamCountry "GER"]
[BlackTeamCountry "GER"]

1. e4 d6 2. d4 Nf6 3. Nc3 g6 4. Be3 c6 5. Qd2 b5 6. Bd3 e5 7. Nf3 Nbd7 8. dxe5
dxe5 9. h3 a6 10. a4 Bb7 11. Bh6 Qe7 12. O-O Bxh6 13. Qxh6 Qf8 14. Qe3 Qe7 15.
Qh6 Qf8 16. Qe3 Qe7 17. Qh6 1/2-1/2